Sublime Sahib: white masculine identity formation in big mountain climbing
This article explores western big mountain climbing practices in the Himalaya as ‘secular’ processes of identity formation with historical roots in Victorian efforts at sublimation. Such practices necessitate a series of social, embodied, and psychical distinctions structuring (and structured by) a...
| Main Author: | |
|---|---|
| Format: | Electronic Article |
| Language: | English |
| Check availability: | HBZ Gateway |
| Interlibrary Loan: | Interlibrary Loan for the Fachinformationsdienste (Specialized Information Services in Germany) |
| Published: |
2020
|
| In: |
Culture and religion
Year: 2020, Volume: 21, Issue: 1, Pages: 43-57 |
| Standardized Subjects / Keyword chains: | B
Himalaya
/ Mountaineering
/ Europeans
/ Masculinity
/ Identity
/ Sublimation
/ Great Britain
/ Culture
/ History 1837-1901
|
| RelBib Classification: | AF Geography of religion ZB Sociology ZD Psychology |
| Further subjects: | B
Secular
B Masculinity B Sublime B Sherpa B Religion B Mountaineering B Ueli Steck B Social Identity B Sahib B Whiteness |
| Online Access: |
Volltext (lizenzpflichtig) |
MARC
| LEADER | 00000caa a22000002c 4500 | ||
|---|---|---|---|
| 001 | 1744212678 | ||
| 003 | DE-627 | ||
| 005 | 20210413152850.0 | ||
| 007 | cr uuu---uuuuu | ||
| 008 | 210108s2020 xx |||||o 00| ||eng c | ||
| 024 | 7 | |a 10.1080/14755610.2020.1858547 |2 doi | |
| 035 | |a (DE-627)1744212678 | ||
| 035 | |a (DE-599)KXP1744212678 | ||
| 040 | |a DE-627 |b ger |c DE-627 |e rda | ||
| 041 | |a eng | ||
| 084 | |a 0 |2 ssgn | ||
| 100 | 1 | |a Driscoll, Christopher M. |e VerfasserIn |4 aut | |
| 109 | |a Driscoll, Christopher M. | ||
| 245 | 1 | 0 | |a Sublime Sahib: white masculine identity formation in big mountain climbing |
| 264 | 1 | |c 2020 | |
| 336 | |a Text |b txt |2 rdacontent | ||
| 337 | |a Computermedien |b c |2 rdamedia | ||
| 338 | |a Online-Ressource |b cr |2 rdacarrier | ||
| 520 | |a This article explores western big mountain climbing practices in the Himalaya as ‘secular’ processes of identity formation with historical roots in Victorian efforts at sublimation. Such practices necessitate a series of social, embodied, and psychical distinctions structuring (and structured by) a white, western masculine identity. Looking to news and video documentary narratives by and about the late Swiss mountaineer Ueli Steck, this article works to situate big mountain climbing discourses as relevant to the academic study of religion through the notion of the sublime and its relationship to secularisation (broadly construed). It also situates big mountain climbing discourses in terms of contemporary postcolonial and critical whiteness scholarship on social identity. The notion of the subliminal is both the descriptive goal of many climbing pursuits, and also the means of denying the white masculine identity forged through such processes. Making use of critical social theoretic lenses as offered by both Pierre Bourdieu and Jean-François Bayart, big mountain climbing is shown as a space of white masculine identity formation supported by various appeals to ‘sacred/profane’ distinctions – both embodied and discursive. Through these distinctions, in big mountain climbing, colonial contact’s impact on structural realities makes possible a salient white masculine identity that is forged and disavowed through twin confrontations with the land and the indigenous peoples inhabiting it. | ||
| 650 | 4 | |a Sherpa | |
| 650 | 4 | |a Sahib | |
| 650 | 4 | |a Ueli Steck | |
| 650 | 4 | |a Social Identity | |
| 650 | 4 | |a Sublime | |
| 650 | 4 | |a Secular | |
| 650 | 4 | |a Religion | |
| 650 | 4 | |a Mountaineering | |
| 650 | 4 | |a Masculinity | |
| 650 | 4 | |a Whiteness | |
| 652 | |a AF:ZB:ZD | ||
| 689 | 0 | 0 | |d g |0 (DE-588)4024923-2 |0 (DE-627)106295578 |0 (DE-576)208958347 |2 gnd |a Himalaja |
| 689 | 0 | 1 | |d s |0 (DE-588)4005694-6 |0 (DE-627)194072851 |0 (DE-576)208862374 |2 gnd |a Bergsteigen |
| 689 | 0 | 2 | |d s |0 (DE-588)4134080-2 |0 (DE-627)104288418 |0 (DE-576)209649240 |2 gnd |a Europäer |
| 689 | 0 | 3 | |d s |0 (DE-588)4123701-8 |0 (DE-627)104682345 |0 (DE-576)209561939 |2 gnd |a Männlichkeit |
| 689 | 0 | 4 | |d s |0 (DE-588)4026482-8 |0 (DE-627)106288199 |0 (DE-576)208966544 |2 gnd |a Identität |
| 689 | 0 | 5 | |d s |0 (DE-588)4116654-1 |0 (DE-627)105805149 |0 (DE-576)20950336X |2 gnd |a Sublimierung |
| 689 | 0 | 6 | |d g |0 (DE-588)4022153-2 |0 (DE-627)104665513 |0 (DE-576)208942076 |2 gnd |a Großbritannien |
| 689 | 0 | 7 | |d s |0 (DE-588)4125698-0 |0 (DE-627)104470348 |0 (DE-576)209578750 |2 gnd |a Kultur |
| 689 | 0 | 8 | |q z |2 gnd |a Geschichte 1837-1901 |
| 689 | 0 | |5 (DE-627) | |
| 773 | 0 | 8 | |i Enthalten in |t Culture and religion |d London [u.a.] : Taylor and Francis Group, 2000 |g 21(2020), 1, Seite 43-57 |h Online-Ressource |w (DE-627)364471867 |w (DE-600)2110612-5 |w (DE-576)113422903 |x 1475-5629 |7 nnas |
| 773 | 1 | 8 | |g volume:21 |g year:2020 |g number:1 |g pages:43-57 |
| 856 | 4 | 0 | |u https://doi.org/10.1080/14755610.2020.1858547 |x Resolving-System |z lizenzpflichtig |3 Volltext |7 1 |
| 935 | |a mteo | ||
| 951 | |a AR | ||
| ELC | |a 1 | ||
| ITA | |a 1 |t 1 | ||
| LOK | |0 000 xxxxxcx a22 zn 4500 | ||
| LOK | |0 001 3832540954 | ||
| LOK | |0 003 DE-627 | ||
| LOK | |0 004 1744212678 | ||
| LOK | |0 005 20210413152850 | ||
| LOK | |0 008 210108||||||||||||||||ger||||||| | ||
| LOK | |0 035 |a (DE-Tue135)IxTheo#2021-01-07#5A1E4F52EF1454A1C524BC087E7AE10061ADB1D0 | ||
| LOK | |0 040 |a DE-Tue135 |c DE-627 |d DE-Tue135 | ||
| LOK | |0 092 |o n | ||
| LOK | |0 852 |a DE-Tue135 | ||
| LOK | |0 852 1 |9 00 | ||
| LOK | |0 935 |a ixzs |a zota | ||
| LOK | |0 936ln |0 1442053755 |a ZB | ||
| LOK | |0 936ln |0 1442053747 |a ZD | ||
| LOK | |0 936ln |0 1442043202 |a AF | ||
| LOK | |0 939 |a 08-01-21 |b l01 | ||
| ORI | |a SA-MARC-ixtheoa001.raw | ||
| REF | |a Kulturgeschichte,Viktorianisches Zeitalter | ||
| REL | |a 1 | ||
| STA | 0 | 0 | |a Culture,Culture,Culture,Europeans,Great Britain,United Kingdom,Himalaya,Himalaya,Identity,Identity,Identity (Philosophical concept),Identity (Philosophical concept) in art,Identity (Psychology) in literature,Identity (Psychology) in art,Masculinity,Masculinity,Manliness,Masculinity in art,Mountaineering,Alpinism,Religion,Religion in literature,Religions,Religion,Sherpa,Sublimation |
| STB | 0 | 0 | |a Alpinisme,Sports de montagne,Culture,Culture,Civilisation,Civilisation,Culture,Civilisation (motif),Civilisation,Européen,Himalaya,Identité,Identité,Identité (philosophie),Masculinité,Masculinité,Virilité,Virilité,Virilité (motif),Virilité,Religion,Religions,Religion,Sherpas,Sublimation |
| STC | 0 | 0 | |a Alpinismo,Cultura,Cultura,Europeo,Himalaya,Identidad,Identidad,Masculinidadad,Masculinidad,Religión,Religión,Religión,Serpa,Sublimación |
| STD | 0 | 0 | |a Alpinismo,Cultura,Cultura,Europei,Himalaya <motivo>,Himalaia (motivo),Himalaia,Identità,Identità,Religione,Religione,Religione,Sherpa,Sublimazione,Virilità,Virilità |
| STE | 0 | 0 | |a 升华,宗教,宗教,文化,男子气概,男子气概,男姓,男姓,登山,爬山,身份,身份 |
| STF | 0 | 0 | |a 升華,夏尔巴人,宗教,宗教,文化,男子氣概,男子氣概,男姓,男姓,登山,爬山,身份,身份 |
| STG | 0 | 0 | |a Alpinismo,Cultura,Cultura,Europeu,Himalaia,Identidade,Identidade,Masculinidade,Masculinidade,Religião,Religião,Serpa,Sublimação |
| STH | 0 | 0 | |a Альпинизм,Гималаи (мотив),Европеец,Культура (мотив),Культура,Личная идентификация (мотив),Личная идентификация,Мужественность (мотив),Мужественность,Религия,Религия (мотив),Сублимация (психология),Шерпы (народ) |
| STI | 0 | 0 | |a Αρρενωπότητα (μοτίβο),Αρρενωπότητα,Ευρωπαίοι,Θρησκεία,Θρησκεία (μοτίβο),Ιμαλάια (μοτίβο),Μετουσίωση <ψυχολογία>,Εξύψωση (ψυχολογία),Εξευγενισμός (ψυχολογία),Ορειβασία,Πολιτισμός <μοτίβο>,Πολιτισμός,Κουλτούρα,Κουλτούρα (μοτίβο),Σέρπα,Ταυτότητα (μοτίνο),Ταυτότητα |
| SUB | |a REL | ||
| SYE | 0 | 0 | |a Scherpa , Religion,Mystik,Mythologie |
| SYG | 0 | 0 | |a Himalaya , Alpinismus,Bergsport , Europäerin , Das Männliche,Maskulinität , Sozialpsychologie - Identität , Sublimation , United Kingdom,Great Britain,UK (United Kingdom),Vereinigtes Königreich , Vereinigtes Königreich von Großbritannien und Nordirland,Großbritannien und Nordirland,England,UK,Angleterre,Brīṭāniyā al-ʿUẓmā,Brīṭāniya 'l-ʿUẓmā,Vereinigtes Königreich Großbritannien und Nordirland,United Kingdom,United Kingdom of Great Britain and Northern Ireland,Great Britain,Grande Bretagne,British Isles,United Kingdom of Great Britain and Ireland,Royaume-Uni,Gran Bretagna,UK,U.K.,GB,England,Grande-Bretagne,Grossbritannien,British Empire,Britisches Reich , Culture |
| TIM | |a 100018370101_100019011231 |b Geschichte 1837-1901 | ||



